Statistics for NASCAR Track by Clue

Click here to take the quiz!

General Stats

  • This quiz has been taken 697 times
    (590 since last reset)
  • The average score is 8 of 12

Answer Stats

Answer% Correct
Las Vegas Motor Speedway
85%
Pocono Raceway
81%
Phoenix Raceway
78%
Indianapolis Motor Speedway
76%
Homestead-Miami Speedway
75%
Auto Club Speedway
72%
Sonoma Raceway
68%
Gateway Motorsports Park
53%
Texas Motor Speedway
50%
Darlington Raceway
44%
Mid-Ohio Sports Car Course
44%
Kansas Speedway
43%

Score Distribution

Percentile by Number Answered

Percent of People with Each Score

Your Score History

You have not taken this quiz since the last reset